<?xml version="1.0" encoding="UTF-8"?><?xml-stylesheet type="text/xsl" href="static/style.xsl"?><OAI-PMH xmlns="http://www.openarchives.org/OAI/2.0/" xmlns:xsi="http://www.w3.org/2001/XMLSchema-instance" xsi:schemaLocation="http://www.openarchives.org/OAI/2.0/ http://www.openarchives.org/OAI/2.0/OAI-PMH.xsd"><responseDate>2026-04-28T19:30:02Z</responseDate><request verb="GetRecord" identifier="oai:uvadoc.uva.es:10324/51279" metadataPrefix="marc">https://uvadoc.uva.es/oai/request</request><GetRecord><record><header><identifier>oai:uvadoc.uva.es:10324/51279</identifier><datestamp>2022-01-12T21:55:33Z</datestamp><setSpec>com_10324_38</setSpec><setSpec>col_10324_852</setSpec></header><metadata><record xmlns="http://www.loc.gov/MARC21/slim" xmlns:doc="http://www.lyncode.com/xoai" xmlns:xsi="http://www.w3.org/2001/XMLSchema-instance" xmlns:dcterms="http://purl.org/dc/terms/" xsi:schemaLocation="http://www.loc.gov/MARC21/slim http://www.loc.gov/standards/marcxml/schema/MARC21slim.xsd">
<leader>00925njm 22002777a 4500</leader>
<datafield tag="042" ind1=" " ind2=" ">
<subfield code="a">dc</subfield>
</datafield>
<datafield tag="720" ind1=" " ind2=" ">
<subfield code="a">Orden Pérez, Zulema de la</subfield>
<subfield code="e">author</subfield>
</datafield>
<datafield tag="260" ind1=" " ind2=" ">
<subfield code="c">2021</subfield>
</datafield>
<datafield tag="520" ind1=" " ind2=" ">
<subfield code="a">La realización de este proyecto tiene como objeto principal elaborar un plan de viabilidad para la apertura de un nuevo hotel rural y poder cubrir la demanda de alojamiento del turismo en Calatañazor en la provincia de Soria y alrededores.&#xd;
El turismo en España es uno de los sectores más rentables del momento y más en concreto el turismo de interior en Castilla y León. Se realizarán métodos como el análisis PESTEL o el modelo de las cinco fuerzas de Porter, para ver y analizar la situación actual del sector.&#xd;
Se estudiarán factores legales de la empresa, como la estructura o medidas obligadas a llevar a cabo por ley. La cuota de mercado que tendrá que alcanzar para obtener beneficios o los recursos humanos necesarios para llevar a cabo la actividad y sus salarios.&#xd;
Para finalizar, el plan de viabilidad constará de un detalle de las inversiones, financiación, ingresos y gastos, y estudio de rentabilidad analizando métodos de valoración como el VAN y TIR.</subfield>
</datafield>
<datafield tag="024" ind2=" " ind1="8">
<subfield code="a">https://uvadoc.uva.es/handle/10324/51279</subfield>
</datafield>
<datafield tag="245" ind1="0" ind2="0">
<subfield code="a">Plan de viabilidad para el inicio de un hotel rural en Calatañazor</subfield>
</datafield>
</record></metadata></record></GetRecord></OAI-PMH>